| 000 | 00812nam a22002415a 4500 | ||
|---|---|---|---|
| 008 | 170119s2016 nyua|||frb||| 001 0 eng d | ||
| 020 | _a1681170396 | ||
| 020 | _a9781681170398 | ||
| 040 |
_aEG-ScBUE _beng _cEG-ScBUE |
||
| 082 | 0 | 4 |
_222 _a621.31244 _bSOL |
| 245 |
_aSolar power generation : _btechnology, new concepts & policy / _cEditor, Prashant Salunke. |
||
| 260 |
_aValley Cottage, New York : _bSCITUS Academics LLC, _c2016. |
||
| 300 |
_a302 p. : _bill. ; _c19 cm. |
||
| 500 | _aIndex : p. 299-301. | ||
| 504 | _aBibliography : p. 283-295. | ||
| 590 | _aWessam | ||
| 650 | 7 |
_2BUEsh _96669 _aPhotovoltaic power generation. |
|
| 650 | 7 |
_941769 _aSolar energy policy. _2BUEsh |
|
| 651 | _2BUEsh | ||
| 653 |
_bENGPET _cJanuary2017 |
||
| 700 | 1 |
_941770 _aSalunke, Prashant. |
|
| 942 |
_2ddc _e22 _k621.31244 SOL |
||
| 999 |
_c23979 _d23951 |
||